书目信息 |
| 题名: |
艺术体操训练理论与方法
|
|
| 作者: | 黄俊亚 著 | |
| 分册: | ||
| 出版信息: | 北京 北京体育大学出版社 2010 |
|
| 页数: | 143页 | |
| 开本: | 23cm | |
| 丛书名: | 北京体育大学学术专著丛书 | |
| 单 册: | ||
| 中图分类: | G834.01 | |
| 科图分类: | ||
| 主题词: | 艺术体操--编排(体育)--研究 , 艺术体操 , 编排(体育) | |
| 电子资源: | ||
| ISBN: | 978-7-5644-0119-1 | |
| 000 | 01328oam2 2200301 45 | |
| 001 | 1130190562 | |
| 005 | 20110309093712.42 | |
| 010 | @a978-7-5644-0119-1@dCNY20.00 | |
| 100 | @a20110122d2010 em y0chiy50 ea | |
| 101 | 0 | @achi |
| 102 | @aCN@b110000 | |
| 105 | @aa z 000yy | |
| 106 | @ar | |
| 200 | 1 | @a艺术体操训练理论与方法@AYi Shu Ti Cao Xun Lian Li Lun Yu Fang Fa@dThe training theories and methods of zrtistic aerobatics@e艺术体操成套动作编排理论及应用模式@EYi Shu Ti Cao Cheng Tao Dong Zuo Bian Pai Li Lun Ji Ying Yong Mo Shi@f黄俊亚著@FHuang Jun Ya Zhu@zeng |
| 210 | @a北京@c北京体育大学出版社@d2010 | |
| 215 | @a143页@c图@d23cm | |
| 225 | 2 | @a北京体育大学学术专著丛书 |
| 330 | @a本书系统归纳了艺术体操成套动作编排的基础特征和应遵循的原则;对艺术体操成套动作构成要素及结构进行了全面深刻的分析;阐述了艺术体操的编排方法。 | |
| 461 | 0 | @12001 @a北京体育大学学术专著丛书 |
| 510 | 1 | @aTraining theories and methods of zrtistic aerobatics@zeng |
| 517 | 1 | @a艺术体操成套动作编排理论及应用模式@AYi Shu Ti Cao Cheng Tao Dong Zuo Bian Pai Li Lun Ji Ying Yong Mo Shi |
| 606 | 0 | @a艺术体操@x编排(体育)@x研究 |
| 606 | 0 | @a艺术体操 |
| 606 | 0 | @a编排(体育) |
| 690 | @aG834.01@v4 | |
| 701 | 0 | @a黄俊亚@AHuang Jun Ya@c(女,@f1962~)@4著 |
| 801 | 0 | @aCN@bTANGWEI@c20110309 |
| 905 | @b0530313-16@dG834.01@e99@f4 | |
| 艺术体操训练理论与方法=The training theories and methods of zrtistic aerobatics:艺术体操成套动作编排理论及应用模式/黄俊亚著.-北京:北京体育大学出版社,2010 |
| 143页:图;23cm.-(北京体育大学学术专著丛书) |
| ISBN 978-7-5644-0119-1:CNY20.00 |
| 本书系统归纳了艺术体操成套动作编排的基础特征和应遵循的原则;对艺术体操成套动作构成要素及结构进行了全面深刻的分析;阐述了艺术体操的编排方法。 |
| ● |
| 相关链接 |
|
|
|
|
正题名:艺术体操训练理论与方法
索取号:G834.01/99
 
预约/预借
| 序号 | 登录号 | 条形码 | 馆藏地/架位号 | 状态 | 备注 |
| 1 | 0530313 | 205303134 | 第一样本阅览室/ [索取号:G834.01/99] | 在馆 | |
| 2 | 0530314 | 205303143 | 密集书库-体育系/ [索取号:G834.01/99] | 在馆 | |
| 3 | 0530315 | 205303152 | 第四借阅区/ [索取号:G834.01/99] | 在馆 | |
| 4 | 0530316 | 205303161 | 第四借阅区/ [索取号:G834.01/99] | 在馆 |